Reunión Porcina UdL- Mollerussa : año 2001 : 129a Fira Sant Josep.
Guardado en:
| Autor Corporativo: | |
|---|---|
| Formato: | Libro |
| Idioma: | Spanish |
| Publicado: |
[Lleida :
Universitat de Lleida : Fira de Mollerussa],
2001.
|
| Etiquetas: |
Agregar Etiqueta
Sin Etiquetas, Sea el primero en etiquetar este registro!
|
| LEADER | 00512nam a22001335a 4500 | ||
|---|---|---|---|
| 001 | EEA.libagro006969 | ||
| 005 | 20180601124915.0 | ||
| 008 | 130809s2001####xx#a##########100#0#spa#d | ||
| 082 | 0 | 4 | |a 636.4 |
| 111 | 2 | |a Reunión Porcina UdL-Mollerussa |n (2 : |d 2001 : |c Mollerussa) | |
| 245 | 1 | 0 | |a Reunión Porcina UdL- Mollerussa : |b año 2001 : 129a Fira Sant Josep. |
| 260 | |a [Lleida : |b Universitat de Lleida : |b Fira de Mollerussa], |c 2001. | ||
| 300 | |a 76 p. : |b il. ; |c 30 cm. | ||
| 859 | |a AR-BbBCA |b BIB. AGRONOMIA |h 636.4 |i R444 2 2001 |p 2002/4339 | ||
